00540nam a2200121Ia 4500008004100000082001800041100002600059245009600085260003900181365000600220630009600226730009600322100415s9999 xx 000 0 und d b9905a574.028 aFryer Thomas B (ed.) aBiotelemetry III : Proceedings of the Third International Symposium at California, May 1976 aNEW YORKc1976bACADEMIC PRESS INC b0 aBiotelemetry III : Proceedings of the Third International Symposium at California, May 1976 aBiotelemetry III : Proceedings of the Third International Symposium at California, May 1976